Normal view MARC view

Entry Personal Name

Number of records used in: 2

001 - CONTROL NUMBER

  • control field: 2406

003 - CONTROL NUMBER IDENTIFIER

  • control field: OSt

005 - DATE AND TIME OF LATEST TRANSACTION

  • control field: 20150114140103.0

008 - FIXED-LENGTH DATA ELEMENTS

  • fixed length control field: 150114|| aca||aabn | a|a d

040 ## - CATALOGING SOURCE

  • Original cataloging agency: OSt
  • Transcribing agency: OSt

100 ## - HEADING--PERSONAL NAME

  • Personal name: Arnould-Taylor William

670 ## - SOURCE DATA FOUND

  • Source citation: Work cat.: (OSt): Arnould-Taylor William, Arnould-Taylor's principles and practice of physical therapy /, 1997.